[Event "AUTO-OPEN-4454"]
[Site "http://www.queenalice.com/game.php?id=1814553"]
[Date "2023.6.21"]
[Round "1"]
[White "driver2022"]
[Black "Castling"]
[Result "1-0"]
[WhiteElo "1765"]
[BlackElo "1606"]

1. e4 e5 2. Nc3 Nf6 3. Bc4 a6 4. Nf3 h6 5. d3 Nc6 6. Be3 Bb4 7. Qd2 d5 8. exd5
Bxc3 9. Qxc3 Nd4 10. Nxd4 exd4 11. Bxd4 b5 12. Bb3 Nxd5 13. Bxd5 Qxd5 14. f3
Qe6+ 15. Kf2 Qg6 16. Rae1+ Be6 17. Bc5 Rd8 18. a3 Rd5 19. Bb4 Kd7 20. Qd2 Rc8
21. Rhg1 Rg5 22. Re4 c5 23. Bc3 Bd5 24. Re3 Re8 25. Rxe8 Kxe8 26. Qe3+ Kf8 27.
Qxc5+ Kg8 28. Qd4 Bxf3 29. Kxf3 Rf5+ 30. Ke2 Qe6+ 31. Kd2 Qf6 32. Qxf6 gxf6 33.
Kc1 a5 34. Bxa5 Kg7 35. Bc7 Kg6 36. g3 1-0

[Event "AUTO-OPEN-4454"]
[Site "http://www.queenalice.com/game.php?id=1814554"]
[Date "2023.6.21"]
[Round "1"]
[White "Castling"]
[Black "driver2022"]
[Result "0-1"]
[WhiteElo "1603"]
[BlackElo "1803"]

1. e4 e5 2. Bc4 Nf6 3. d3 Bc5 4. h3 d6 5. Nf3 h6 6. Qe2 Nc6 7. Be3 Bxe3 8. Qxe3
a6 9. Nc3 Qe7 10. a3 Be6 11. Bxe6 Qxe6 12. O-O-O O-O 13. g4 Rfd8 14. Nd2 Nh7 15.
Nd5 Rac8 16. Nf1 Nd4 17. Ng3 Ng5 18. f4 exf4 19. Qxf4 Nc6 20. Nf5 Re8 21. h4 Nh7
22. g5 hxg5 23. hxg5 Qg6 24. Rdg1 Qe6 25. Nde3 Ne5 26. g6 fxg6 27. Nh6+ gxh6 28.
Qxh6 Re7 29. Nf5 Rf7 30. Qh5 Kf8 31. Qh6+ Kg8 32. d4 Rcf8 33. dxe5 Qxe5 34.
Rxg6+ Kh8 35. Kb1 Rg8 36. Rhg1 Rxg6 37. Rxg6 b5 38. Qh1 Qe8 39. Rxd6 cxd6 40.
Nxd6 Qf8 41. Nxf7+ Qxf7 42. Qh3 Qf6 43. Qc8+ Kg7 44. Qg4+ Ng5 45. Qd7+ Kg6 46.
Qf5+ Qxf5 47. exf5+ Kxf5 48. b3 Ke4 49. c4 bxc4 50. Kb2 Kd4 51. bxc4 Kxc4 52.
Ka2 Ne4 53. Kb2 a5 54. Kc2 Nc5 55. Kb2 a4 56. Ka2 Kc3 57. Kb1 Kb3 0-1

[Event "AUTO-OPEN-4454"]
[Site "http://www.queenalice.com/game.php?id=1814555"]
[Date "2023.6.21"]
[Round "1"]
[White "driver2022"]
[Black "zubarev"]
[Result "1/2-1/2"]
[WhiteElo "1768"]
[BlackElo "1703"]

1. f4 Nf6 2. Nf3 d5 3. e3 e6 4. Be2 Bd6 5. O-O O-O 6. d3 Nc6 7. c3 e5 8. fxe5
Nxe5 9. Nbd2 Ne8 10. d4 Nxf3+ 11. Bxf3 c6 12. e4 dxe4 13. Nxe4 Nf6 14. Bg5 Be7
15. Be3 Nxe4 16. Bxe4 f5 17. Bd3 Bg5 18. Bf2 Be6 19. Qc2 Bf4 20. Rfe1 Bd5 21.
Bxf5 Qg5 22. g3 Rxf5 23. c4 Bf3 24. Qd3 Bc7 25. Re3 Raf8 26. Rae1 Qg4 27. Re7
Bd8 28. R7e5 Qh3 29. Qf1 Qg4 30. Rxf5 Qxf5 31. Rc1 Bg5 32. Rc3 Qg4 33. h3 Qd7
34. Kh2 Rf6 35. a3 Qe6 1/2-1/2

[Event "AUTO-OPEN-4454"]
[Site "http://www.queenalice.com/game.php?id=1814556"]
[Date "2023.6.21"]
[Round "1"]
[White "zubarev"]
[Black "driver2022"]
[Result "0-1"]
[WhiteElo "1818"]
[BlackElo "1803"]

1. d4 d5 2. Nc3 Nf6 3. Nf3 g6 4. e3 Bg7 5. Bd3 c6 6. O-O O-O 7. Ne5 Nbd7 8. f4
e6 9. Qf3 c5 10. Bd2 cxd4 11. exd4 Qb6 12. Qe3 Qxb2 13. Rab1 Qa3 14. Rb3 Qe7 15.
Ne2 Rd8 16. Nc3 Nb6 17. Ne2 Ne8 18. Ng3 Nd6 19. Bb4 Qe8 20. Qc1 Nf5 21. Nxf5
exf5 22. Re1 Be6 23. Ba3 Rdc8 24. Qd2 Bxe5 25. fxe5 Qc6 26. Bc5 Nd7 27. Bd6 a6
28. Qh6 b5 29. Re3 f6 30. Rh3 Nf8 31. Bxf8 Qd7 32. exf6 Rxf8 33. Rc3 Qf7 34. Bf1
Ra7 35. Qg5 Qxf6 36. Qf4 Rc8 37. Rxc8+ Bxc8 38. Qe3 Re7 39. Qf2 Re4 40. Qf3
Qxd4+ 41. Kh1 Bb7 42. Qg3 Re7 43. Qd6 Qg7 44. a3 Re1 45. Qb8+ Qf8 46. Qf4 d4 47.
Kg1 Re4 48. Qc7 Re7 49. Qd6 Qg7 50. Qg3 Qe5 51. Qh4 Qg7 52. Qf4 Qe5 53. Qh6 Qg7
54. Qg5 Be4 55. c3 dxc3 56. Rxc3 Qf8 57. g3 Qe8 58. Qf6 Rb7 59. Qd6 Qa8 60. Qe6+
Kg7 61. Qe5+ Kh6 62. g4 Qa7+ 63. Qc5 Qxc5+ 64. Rxc5 Kg5 65. h3 Kf4 66. gxf5 Bxf5
67. Rc6 Ra7 68. Kf2 h5 69. Rd6 Kg5 70. Be2 Bxh3 71. Bd3 Bf5 72. Be2 h4 73. Ke1
h3 74. Bf3 Kf4 75. Kf2 Ke5 76. Rd5+ Kf4 77. Rd4+ Kg5 78. Kg3 Rh7 79. Kh2 Rc7 80.
Kg3 Rc3 81. Kf2 Rxa3 82. Rd6 a5 83. Ra6 a4 84. Bc6 Rb3 85. Bd5 Rb2+ 86. Kg3 Rb1
87. Bf3 Rb3 0-1

[Event "AUTO-ADV-4737"]
[Site "http://www.queenalice.com/game.php?id=1822718"]
[Date "2023.10.10"]
[Round "1"]
[White "Ditto"]
[Black "driver2022"]
[Result "1/2-1/2"]
[WhiteElo "1590"]
[BlackElo "1870"]

1. d4 d5 2. Nf3 Nf6 3. Bf4 e6 4. e3 Nc6 5. Bb5 Bd7 6. c3 Be7 7. Ng5 O-O 8. Bd3
h6 9. Nf3 Ne4 10. Bxe4 dxe4 11. Nfd2 f5 12. Qe2 Qe8 13. O-O Qd8 14. f3 exf3 15.
Nxf3 a6 16. Nbd2 b5 17. Ne5 Nxe5 18. Bxe5 Bf6 19. Bf4 Rc8 20. Nb3 Be7 21. Qf3 c6
22. Qg3 Bf6 23. Bxh6 Bh4 24. Qg6 Qf6 25. Qxf6 Rxf6 26. Bf4 Rg6 27. Nc5 Be8 28.
Be5 a5 29. Rf3 Be7 30. Nd3 Bf7 31. Nf4 Rh6 32. Nd3 g5 33. Bg3 g4 34. Rff1 Kf8
35. Ne5 Be8 36. Bf4 Rh7 37. Bg3 Kg8 38. e4 Rh5 39. exf5 exf5 40. Rae1 Bf6 41.
Nd3 Kg7 42. Nf4 Rh6 43. Ne6+ Kg6 44. Nf4+ Kg5 45. Ne6+ Kg6 46. Nf4+ Kg5 47. Nd3
Rh7 48. Bf4+ Kg6 49. Re6 Bd7 50. Ree1 Re8 51. Bg3 Rxe1 52. Rxe1 Rf7 53. Nf4+ Kh6
54. Nd3 Kg6 55. Nc5 Kg7 56. Bf4 Kg6 57. Nb7 a4 58. Nc5 Bg7 59. a3 Bf6 60. Nb7
Bc8 61. Nc5 Re7 62. Rxe7 Bxe7 63. Nd3 Bf6 64. Nc5 1/2-1/2

[Event "AUTO-ADV-4737"]
[Site "http://www.queenalice.com/game.php?id=1822719"]
[Date "2023.10.10"]
[Round "1"]
[White "driver2022"]
[Black "Ditto"]
[Result "1/2-1/2"]
[WhiteElo "1861"]
[BlackElo "1650"]

1. f4 d5 2. d4 Bf5 3. Nf3 e6 4. e3 a6 5. Nbd2 Nc6 6. a3 Bd6 7. Be2 Qf6 8. Ne5
Qh4+ 9. g3 Qh3 10. Bf3 Qh6 11. Nb3 Nxe5 12. dxe5 Be7 13. Nd4 Be4 14. Bd2 Qg6 15.
c3 Bd3 16. Be2 Be4 17. Bf3 Bd3 18. Be2 Be4 19. Bf3 Bd3 1/2-1/2

[Event "AUTO-ADV-4737"]
[Site "http://www.queenalice.com/game.php?id=1822734"]
[Date "2023.10.10"]
[Round "1"]
[White "Capixabba789"]
[Black "driver2022"]
[Result "1-0"]
[WhiteElo "1809"]
[BlackElo "1820"]

1. e4 e5 2. f4 d6 3. Nf3 Nc6 4. Bc4 Be7 5. O-O Bg4 6. d3 exf4 7. Bxf4 Nf6 8.
Nbd2 a6 9. Bg3 O-O 10. a3 Rb8 11. Qe1 Qc8 12. Kh1 Bd7 13. b4 b5 14. Bb3 Be6 15.
Bxe6 Qxe6 16. Ng5 Qd7 17. Ndf3 h6 18. Nh3 Rfe8 19. Nf4 Bf8 20. Qd1 Ng4 21. Qd2
Rbc8 22. Nd5 Be7 23. c4 Nce5 24. Nxe5 Nxe5 25. Rad1 bxc4 26. Bxe5 dxe5 27. dxc4
Bg5 28. Nf6+ 1-0

[Event "AUTO-ADV-4737"]
[Site "http://www.queenalice.com/game.php?id=1822735"]
[Date "2023.10.10"]
[Round "1"]
[White "driver2022"]
[Black "Capixabba789"]
[Result "1-0"]
[WhiteElo "1842"]
[BlackElo "1928"]

1. d4 d5 2. e3 Bf5 3. Nf3 Nf6 4. Bd2 e6 5. Nc3 h6 6. Be2 Be7 7. a3 Nc6 8. b4 Ne4
9. O-O a6 10. Ne1 Bg5 11. Nxe4 Bxe4 12. Bf3 Bg6 13. Nd3 O-O 14. Nc5 b6 15. Nd3
f5 16. Bh5 Be8 17. Be2 b5 18. Nc5 Bd7 19. f4 Bf6 20. Nxd7 Qxd7 21. c3 Rab8 22.
a4 Ne7 23. axb5 axb5 24. Qc2 c6 25. Ra5 Ra8 26. Rfa1 Rxa5 27. Rxa5 Nc8 28. Ra1
Nb6 29. Qd1 Nc4 30. Bxc4 bxc4 31. Qc2 Rb8 32. Qd1 g5 33. fxg5 Bxg5 34. Qe2 Qg7
35. Rf1 Ra8 36. Rd1 Ra2 37. Qe1 Bxe3+ 38. Qxe3 Kf7 39. Qe1 Ra8 40. Qe3 Rg8 41.
Qh3 Qg6 42. Qf3 Kg7 43. Re1 Kh7 44. Re2 h5 45. h3 Re8 46. Bc1 1-0

[Event "AUTO-ADV-4737"]
[Site "http://www.queenalice.com/game.php?id=1822746"]
[Date "2023.10.10"]
[Round "1"]
[White "driver2022"]
[Black "Tonto"]
[Result "1-0"]
[WhiteElo "1823"]
[BlackElo "1907"]

1. d4 Nc6 2. Nf3 Nf6 3. e3 b6 4. Be2 Bb7 5. Nc3 e6 6. h3 Be7 7. a3 d5 8. Bd2 Bd6
9. b4 Ne7 10. Nb5 Ng6 11. Nxd6+ Qxd6 12. Bd3 O-O 13. O-O e5 14. dxe5 Nxe5 15.
Nxe5 Qxe5 16. Rc1 c5 17. Qe1 d4 18. exd4 Qxd4 19. Be3 Qd5 20. f3 Rae8 21. Qd2
cxb4 22. axb4 Nh5 23. Bf2 Qd6 24. Rce1 Nf4 25. Bg3 Nxh3+ 26. Kh2 Qd7 27. Bxh7+
Kxh7 28. Qxd7 Bc8 29. Qxe8 Rxe8 30. Rxe8 Ba6 31. Rfe1 Ng5 32. Ra1 Bc4 33. Rxa7
b5 34. Raa8 Kg6 35. Bf2 Kf5 36. c3 Ne6 37. Ra1 Nc7 38. Ree1 Nd5 39. Bd4 f6 40.
g3 g5 41. Ra6 Kg6 42. Kg2 Kf5 43. Ree6 Nxc3 44. Rxf6# 1-0

[Event "AUTO-ADV-4737"]
[Site "http://www.queenalice.com/game.php?id=1822747"]
[Date "2023.10.10"]
[Round "1"]
[White "Tonto"]
[Black "driver2022"]
[Result "0-1"]
[WhiteElo "1884"]
[BlackElo "1804"]

1. e4 e5 2. Nf3 d6 3. Be2 Nf6 4. Nc3 Nc6 5. d3 Be7 6. h3 Be6 7. a3 Qd7 8. Be3 d5
9. exd5 Bxd5 10. O-O O-O 11. b4 a6 12. d4 e4 13. Ne5 Qe6 14. Ng4 Rfd8 15. Bf4
Qc8 16. Nxf6+ Bxf6 17. Be3 Ne7 18. Na4 b6 19. c4 Be6 20. c5 Qb7 21. f3 Bd5 22.
Nc3 Rab8 23. fxe4 Bxe4 24. cxb6 Bxg2 25. Rf2 cxb6 26. Rxg2 Nf5 27. Bf3 Qe7 28.
Bf4 Rxd4 29. Qb3 Rbd8 30. Ne2 Rd3 31. Qb1 Bxa1 32. Kf2 Nh4 33. Rg3 Rxf3+ 34.
Rxf3 Nxf3 35. Kxf3 Bf6 36. a4 Qb7+ 37. Kg4 Qd7+ 38. Kh5 Qxh3# 0-1

[Event "AUTO-ADV-4752"]
[Site "http://www.queenalice.com/game.php?id=1827192"]
[Date "2023.12.14"]
[Round "1"]
[White "WHUSIRO"]
[Black "driver2022"]
[Result "1/2-1/2"]
[WhiteElo "1988"]
[BlackElo "1858"]

1. e4 e5 2. Nf3 d6 3. Be2 Nf6 4. d3 Be7 5. h3 Nc6 6. Bg5 Bd7 7. O-O O-O 8. c3
Re8 9. Nbd2 Bf8 10. Nh2 h6 11. Bh4 Be7 12. Re1 Nh7 13. Bxe7 Qxe7 14. b4 a6 15.
a4 Nf6 16. Ng4 Nxg4 17. Bxg4 Nd8 18. Qf3 Ne6 19. g3 Ng5 20. Qe2 Ne6 21. Nf1 b5
22. a5 Bc6 23. Ne3 Nf8 24. h4 Nh7 25. Nf5 Qf8 26. Ne3 Nf6 27. Bh3 Bb7 28. f4
exf4 29. gxf4 c5 30. Qg2 cxb4 31. cxb4 Red8 32. Qg3 Bc8 33. Rac1 Bxh3 34. Qxh3
Kh8 35. Ng4 Nxg4 36. Qxg4 f6 37. Rc6 Qe8 38. Rec1 Kh7 39. f5 Qe5 40. Rc7 Rg8 41.
h5 Qd4+ 42. Kh2 Qxd3 43. Rg1 Qd2+ 44. Rg2 Qg5 45. Qxg5 hxg5 46. Rc6 Kh6 47. Rd2
Rge8 48. Re2 Kxh5 49. Rxd6 Kg4 50. Kg2 Kf4 51. Rd4 g4 52. Kf2 Kg5 53. Rd7 Rg8
54. Kg3 g6 55. Rd5 Rg7 56. fxg6+ Kxg6 57. Kxg4 Re7 58. Kf4 Kf7 1/2-1/2

[Event "AUTO-ADV-4752"]
[Site "http://www.queenalice.com/game.php?id=1827193"]
[Date "2023.12.14"]
[Round "1"]
[White "driver2022"]
[Black "WHUSIRO"]
[Result "1/2-1/2"]
[WhiteElo "1853"]
[BlackElo "1990"]

1. d4 e6 2. e4 c5 3. dxc5 Bxc5 4. Nf3 Ne7 5. Bc4 d5 6. exd5 exd5 7. Bb3 O-O 8.
O-O Nbc6 9. a3 Bg4 10. Nbd2 Nd4 11. Ba2 Nxf3+ 12. Nxf3 h6 13. Qd3 Qc7 14. h3 Bh5
15. Ne1 Rad8 16. c3 Bg6 17. Qd1 Rfe8 18. Nc2 a5 19. Ne3 Qc6 20. Bb1 d4 21. cxd4
Bxd4 22. Qe1 Nf5 23. Bxf5 Bxe3 24. Bxg6 Bb6 25. Bxf7+ Kxf7 26. Be3 Kg8 27. Qc1
Bxe3 28. fxe3 Qxc1 29. Raxc1 Rd2 30. Rf2 Rd3 31. Rc7 Rdxe3 32. Rxb7 R3e7 33.
Rxe7 Rxe7 34. Rc2 Re1+ 35. Kh2 Rb1 36. Rc5 1/2-1/2

[Event "AUTO-ADV-4752"]
[Site "http://www.queenalice.com/game.php?id=1827208"]
[Date "2023.12.14"]
[Round "1"]
[White "driver2022"]
[Black "fabricioprado"]
[Result "1-0"]
[WhiteElo "1873"]
[BlackElo "1669"]

1. e4 c5 2. Nf3 Nc6 3. Nc3 e6 4. Bb5 Be7 5. d3 a6 6. Bxc6 bxc6 7. Rb1 d6 8. Be3
Nf6 9. O-O O-O 10. Re1 Bb7 11. a3 h6 12. Qd2 d5 13. exd5 cxd5 14. Bxh6 gxh6 15.
Qxh6 Nh7 16. Ne2 Bg5 17. Nxg5 Qxg5 18. Qxg5+ Nxg5 19. Ng3 d4 20. Re5 f6 21. Re2
e5 22. Nf1 Rf7 23. Nd2 Rg7 24. f3 Nxf3+ 25. Nxf3 Bxf3 26. Rf2 Bd5 27. g3 1-0

[Event "AUTO-ADV-4752"]
[Site "http://www.queenalice.com/game.php?id=1827209"]
[Date "2023.12.14"]
[Round "1"]
[White "fabricioprado"]
[Black "driver2022"]
[Result "0-1"]
[WhiteElo "1717"]
[BlackElo "1863"]

1. d4 d5 2. c4 c6 3. Nc3 Nf6 4. Bf4 e6 5. e3 Be7 6. Be2 Nbd7 7. Nf3 dxc4 8. Bxc4
Nb6 9. Bd3 Nbd5 10. O-O Nxf4 11. exf4 Bd6 12. Re1 O-O 13. Ne4 Bxf4 14. Ng3 Qb6
15. Qc2 h6 16. Ne4 Nxe4 17. Bxe4 Qc7 18. h3 Bd6 19. a3 Bd7 20. Ne5 Bxe5 21. dxe5
Kh8 22. Rad1 Rad8 23. Bf3 Bc8 24. Rc1 Qe7 0-1

[Event "AUTO-ADV-4752"]
[Site "http://www.queenalice.com/game.php?id=1827210"]
[Date "2023.12.14"]
[Round "1"]
[White "driver2022"]
[Black "Ditto"]
[Result "0-1"]
[WhiteElo "1900"]
[BlackElo "1560"]

1. e4 e5 2. Nf3 Nc6 3. d3 Bc5 4. Be2 d6 5. Nc3 h6 6. Bd2 Be6 7. a3 Bg4 8. b4 Bb6
9. Nd5 Nd4 10. Nxb6 axb6 11. Be3 Nc6 12. O-O Qf6 13. Ne1 Be6 14. Qd2 Nge7 15. c4
Qg6 16. Bf3 Qf6 17. Be2 Qg6 18. Bf3 Qf6 19. Nc2 Ng6 20. b5 Na5 21. Qc3 Nh4 22.
Ne1 Nxf3+ 23. Nxf3 Bg4 24. Nd2 O-O-O 25. f3 Be6 26. Nb3 Qg6 27. Nxa5 bxa5 28.
Qxa5 Bh3 29. Rf2 Be6 30. Qa8+ Kd7 31. Qxb7 h5 32. Qc6+ Ke7 33. Qxc7+ Rd7 34. Qa5
h4 35. Qb4 h3 36. g3 Rb8 37. f4 exf4 38. Bxf4 Qh5 39. Rc1 Rc8 40. e5 g5 41.
exd6+ Ke8 42. Be5 Qg6 43. d4 Qe4 44. c5 Bd5 45. c6 Qh1# 0-1

[Event "AUTO-ADV-4752"]
[Site "http://www.queenalice.com/game.php?id=1827211"]
[Date "2023.12.14"]
[Round "1"]
[White "Ditto"]
[Black "driver2022"]
[Result "0-1"]
[WhiteElo "1641"]
[BlackElo "1821"]

1. e4 e5 2. Nf3 d6 3. Bc4 Be7 4. d3 Bg4 5. Be3 Nc6 6. c3 Nf6 7. h3 Be6 8. Bb5
O-O 9. O-O Bd7 10. Ng5 a6 11. Ba4 Ne8 12. Nf3 Nf6 13. Bb3 b5 14. Nbd2 a5 15. Ng5
Ne8 16. Ngf3 a4 17. Bd5 Nf6 18. a3 Rc8 19. b3 Ra8 20. b4 Rb8 21. Ng5 Qc8 22.
Ngf3 Nd8 23. Ba2 Be6 24. Ng5 Bxa2 25. Rxa2 Ne6 26. Ndf3 Ne8 27. Nxe6 Qxe6 28.
Ra1 Kh8 29. d4 exd4 30. Bxd4 Bf6 31. Re1 Bxd4 32. Qxd4 f6 33. Rac1 Qc8 34. Qd5
c6 35. Qd3 Qe6 36. Nd4 Qc8 37. Nf5 Qd8 38. Qg3 Rb7 39. c4 Qb8 40. c5 dxc5 41.
Rxc5 Qxg3 42. Nxg3 Rc7 43. Nf5 g6 44. Ng3 Ng7 45. f3 Ne6 46. Rcc1 Rd8 47. Nf1
Nf4 48. Ne3 Rdd7 49. Red1 Ne2+ 50. Kf2 Nxc1 51. Rxc1 Rd3 52. Ra1 Kg7 53. Ke2
Rcd7 54. Nf1 Rb3 55. Nd2 Rbd3 56. Ra2 R3d6 57. Nf1 Re7 58. Ne3 Kf7 59. Rc2 Red7
60. Kf2 Rd2+ 61. Ke1 Rxc2 62. Nxc2 Ke6 63. Ke2 f5 64. exf5+ Kxf5 65. g3 h5 66.
Ne3+ Kf6 67. h4 Rg7 68. Nc2 Ke5 69. Ke3 Rd7 70. f4+ Kd5 71. Kd3 c5 72. Ne3+ Kc6+
73. Ke2 cxb4 74. axb4 Ra7 75. Nc2 a3 76. Ke3 a2 77. Ke4 Kd6 78. Kd4 a1=Q+ 0-1

[Event "AUTO-ADV-4737"]
[Site "http://www.queenalice.com/game.php?id=1831065"]
[Date "2024.2.8"]
[Round "2"]
[White "chessman"]
[Black "driver2022"]
[Result "0-1"]
[WhiteElo "1911"]
[BlackElo "1883"]

1. e4 e5 2. Nf3 d6 3. d4 exd4 4. Nxd4 Be7 5. Nc3 Nf6 6. Be2 Nbd7 7. O-O O-O 8.
h3 Nc5 9. Be3 Ncxe4 10. Nxe4 Nxe4 11. Bd3 Nf6 12. Nf3 b6 13. a3 Bb7 14. b4 a5
15. b5 Nd7 16. a4 Bf6 17. Re1 Bxa1 18. Qxa1 f6 19. Qa2+ Kh8 20. c4 Ne5 21. Nxe5
dxe5 22. c5 Qxd3 23. c6 Bc8 0-1

[Event "AUTO-ADV-4737"]
[Site "http://www.queenalice.com/game.php?id=1831066"]
[Date "2024.2.8"]
[Round "2"]
[White "driver2022"]
[Black "Kapablanca"]
[Result "0-1"]
[WhiteElo "1859"]
[BlackElo "2212"]

1. d4 d5 2. Nf3 e6 3. Nc3 Nf6 4. e3 Bd6 5. Be2 O-O 6. O-O c6 7. a3 Qc7 8. h3
Nbd7 9. Kh1 e5 10. dxe5 Nxe5 11. b4 a6 12. Bb2 Nfd7 13. Qc1 Nxf3 14. Bxf3 Ne5
15. Qd1 Nc4 16. Qc1 Bf5 17. Rb1 Rae8 18. Ne2 Nxb2 19. Rxb2 Be4 20. Bxe4 Rxe4 21.
c3 f5 22. f3 Re7 23. f4 g6 24. Nd4 Rfe8 25. Re2 c5 26. Nf3 Bxf4 27. Rfe1 Bg3 28.
Rd1 cxb4 29. axb4 f4 30. Rxd5 Rxe3 31. Rc5 Qg7 32. Rxe3 fxe3 33. Rd5 Qf7 34. Rd4
e2 35. Rg4 e1=Q+ 0-1